Boy Bands By Song - Statistics

General Stats
  • This quiz has been taken 118 times
  • The average score is 8 of 20
Answer Stats
Hint Answer % Correct
I Want It That Way; Larger Than Life; Quit Playing Games (With My Heart) Backstreet Boys
95%
Bye Bye Bye; It's Gonna Be Me; Tearin' Up My Heart *NSYNC
87%
Night Changes; Steal My Girl; What Makes You Beautiful One Direction
86%
I Want You Back; ABC; Who's Lovin' You The Jackson 5
76%
One Sweet Day; I'll Make Love To You; End Of The Road Boyz II Men
63%
Dynamite; Butter; Fake Love BTS
62%
Step By Step; I'll Be Loving You (Forever); Tonight New Kids On The Block
47%
I'm A Believer; Daydream Believer; (I'm Not Your) Stepping Stone The Monkees
46%
Swear It Again; Flying Without Wings; Fool Again Westlife
38%
Rule The World; Back For Good; Sure Take That
36%
All Rise; One Love; You Make Me Wanna Blue
34%
No Matter What; A Different Beat; Picture Of You Boyzone
27%
If Ya Gettin' Down; When The Lights Go Out; Keep On Movin' Five
24%
Stay Another Day; Hold My Body Tight; Thunder East 17
18%
Can You Stand The Rain; If It Isn't Love; Mr. Telephone Man New Edition
15%
Butta Love; Wifey; Too Close Next
15%
Love Me For A Reason; Let Me In; One Bad Apple The Osmonds
15%
Summertime Of Our Lives; Ready Or Not; Same Old Brand New You A1
14%
Bodyshakin'; Don't Make Me Wait; Love Sensation 911
11%
Anything; 24/7; Stuck On You 3T
1%
No matching quizzes found
Score Distribution
Percent of People with Each Score
Percentile by Number Answered
Your Score History
You have not taken this quiz